000 00444nam a2200181Ia 4500
005 20240823043246.0
008 240823s9999||||xx |||||||||||||| ||und||
041 _aENGLISH
082 _A658 N3
100 _aRangnekar Sharu
245 0 _aIn the Wonderland of Indian Managers
250 _a1st
260 _c1993
_b"Vikas,New Delhi"
500 _aTRANSFERED
650 _aManagement
_bManagement Studies
942 _cBK
999 _c209810
_d209810